Pokémon - 4G - Statistiques

Statistiques générales
  • Ce quiz a été pris 32 fois
  • Le résultat moyen est 114 sur 133
Statistiques - réponses
Par images Réponse % Correct
Méga-Blizzaroi
97%
Blizzaroi
93%
Blizzi
93%
Castorno
93%
Darkrai
93%
Dialga
93%
Étouraptor
93%
Étourmi
93%
Gallame
93%
Giratina forme Originelle
93%
Heatran
93%
Lixy
93%
Méga-Lucario
93%
Motisma
93%
Motisma Froid
93%
Motisma Lavage
93%
Motisma Tonte
93%
Mustébouée
93%
Ouisticram
93%
Palkia
93%
Palkia forme Originelle
93%
Porygon-Z
93%
Riolu
93%
Simiabraz
93%
Tiplouf
93%
Apireine
90%
Arceus
90%
Baudrive
90%
Carchacrok
90%
Carmache
90%
Chimpenfeu
90%
Corboss
90%
Créfadet
90%
Créfollet
90%
Créhelf
90%
Cresselia
90%
Dialga forme Originelle
90%
Dimoret
90%
Étourvol
90%
Giratina forme Alternative
90%
Givrali
90%
Goinfrex
90%
Lockpin
90%
Lucario
90%
Luxray
90%
Magirêve
90%
Mammochon
90%
Méga-Carchacrok
90%
Méga-Carchacrok Z
90%
Méga-Darkrai
90%
Méga-Étouraptor
90%
Méga-Gallame
90%
Méga-Heatran
90%
Méga-Lockpin
90%
Méga-Lucario Z
90%
Motisma Chaleur
90%
Motisma Hélice
90%
Moufouette
90%
Mustéflott
90%
Noctunoir
90%
Pachirisu
90%
Phyllali
90%
Pingoléon
90%
Regigigas
90%
Rhinastoc
90%
Roserade
90%
Scorvol
90%
Togekiss
90%
Torterra
90%
Tortipouss
90%
Apitrini
86%
Archéodong
86%
Bouldeneu
86%
Coatox
86%
Cradopaud
86%
Dinoclier
86%
Élekable
86%
Griknot
86%
Kranidos
86%
Laporeille
86%
Luxio
86%
Magnézone
86%
Manaphy
86%
Mime Jr.
86%
Pijako
86%
Prinplouf
86%
Shaymin forme Céleste
86%
Shaymin forme Terrestre
86%
Bastiodon
83%
Boskara
83%
Capidextre
83%
Chaglam
83%
Coudlangue
83%
Grodrive
83%
Keunotor
83%
Maganon
83%
Moufflair
83%
Phione
83%
Rozbouton
83%
Sancoki Mer Occident
83%
Sancoki Mer Orient
83%
Spiritomb
83%
Tarinorme
83%
Tritosor Mer Occident
83%
Tritosor Mer Orient
83%
Yanmega
83%
Archéomire
79%
Ceribou
79%
Chaffreux
79%
Drascore
79%
Luminéon
79%
Manzaï
79%
Momartik
79%
Ptiravi
79%
Vortente
79%
Babimanta
76%
Cheniti cape Déchet
76%
Cheniti cape Plante
76%
Cheniti cape Sable
76%
Écayon
76%
Hippopotas
76%
Charkos
72%
Cheniselle cape Déchet
72%
Cheniselle cape Plante
72%
Cheniselle cape Sable
72%
Hippodocus
72%
Mélokrik
72%
Rapion
72%
Ceriflor Temps Couvert
69%
Ceriflor Temps Ensoleillé
69%
Crikzik
69%
Korillon
69%
Papilord
69%
Aucun quiz correspondant
Distribution des résultats
% des personnes avec chaque résultat
Percentile par nombre de réponses
Votre historique - résultats
Vous n’avez pas pris ce quiz